rock/metal quiz - Statystyki

Ogólne statystyki
  • Ten quiz został rozwiązany 56 razy
  • Średni wynik to 7 z 17
Statystyki odpowiedzi
Pytanie odpowiedź % Poprawnych
W którym roku powstała piosenka bohemian rhapsody? 1975
78%
W którym roku zmarł Kurt Cobain? 1994
74%
Ile Lat miał Jimi Hendrix w chwili śmierci? 27
66%
Skąd pochodzi zespół AC/DC? Australia
62%
Członkiem jakiego zespołu jest Billie Joe Armstrong? Green Day
50%
W którym roku rozpadli się The Beatles? 1970
48%
W jakim albumie można znaleźć piosenkę Welcome Home(Sanitarium)? Master of Puppets
46%
Ile platynowych płyt dostało Appetite for Destruction 18
40%
Jaki zespół wydał album Chocolate Starfish and the Hot Dog Flavoured Water? Limp Bizkit
38%
Jak nazywa się wokalista zespołu System Of a Down? Serj Tankian
32%
Jaki zespół muzyczny wystąpił w filmie animowanym "Scooby-Doo i (nazwa zespołu): Straszenie na scenie"? Kiss
30%
Kto wydał album Issues? Korn
24%
Który zespół nazwał się tak samo jak Amerykańska Baza wojskowa(była to forma prowokacji), w której doszło do tragedii podczas pokazów lotniczych? Rammstein
24%
Jak nazywa się zespół który wystąpił przed finałem UEFA Champions League w 2025 roku? Linkin Park
18%
Jaki zespół zagrał jako pierwszy piosenkę "When the blind men cries"? Deep Purple
12%
Ile mniej więcej ludzi było na największym koncercie Metalliki znanym jako Monsters of Rock? 1.6mln
10%
Kto odszedł jako pierwszy z zespołu Slipknot? (Paul Gray zmarł) Joey Jordison
6%
Nie znaleziono quizów pasujących do podanych kryteriów
Rozkład punktacji
Procent ludzi z każdym wynikiem
Percentyl według liczby udzielonych odpowiedzi
Twoja historia wyników
Nie rozwiązałeś tego quizu